Converting radians into degrees Quiz Stats

 Plays Quiz not verified by Sporcle

Support Sporcle.
Go Orange.
Score 0/20 Timer 04:00
0 Plays Today
Radians Degrees % Correct
pi/2???
99.3%
5pi/3???
95.5%
2pi???
93.3%
pi???
93.3%
pi/4???
92.5%
3pi/4???
91.8%
2pi/3???
90.3%
5pi/4???
89.5%
pi/3???
88.4%
3pi???
87.3%
Radians Degrees % Correct
4pi/3???
86.5%
7pi/4???
85%
5pi/6???
85%
0???
84.6%
6pi???
78.3%
pi/30???
71.9%
4pi/9???
69.3%
pi/180???
66.7%
25pi/18???
64%
29pi/18???
59.2%

You're not logged in!

Compare scores with friends on all Sporcle quizzes.
OR
Log In

From the Vault

US Cities 1900

by Booger

Today we're gonna party like its 1900.
Remove Ads.
Support Sporcle.
Get the best of Sporcle when you Go Orange. This ad-free experience offers more features, more stats, and more fun while also helping to support Sporcle. Thank you for becoming a member.

Show Comments

Extras

Created Mar 17, 2012ReportNominate
Tags:Converting, degree, Radian

Top Quizzes Today


Score Distribution

Your Account Isn't Verified!

In order to create a playlist on Sporcle, you need to verify the email address you used during registration. Go to your Sporcle Settings to finish the process.

Report this User

Report this user for behavior that violates our Community Guidelines.

Details: